00874nam a2200217 i 4500001000700000003000900007005001700016007000300033008004100036080001400077100003200091245010600123260009800229300003600327490003600363651004000399830004400439852003200483999001900515952012200534147774ES-MaACL20230906202241.0t|071005s1964 ja ||||1| eng d a301.185.21 aUshiomi, Toshitaka.911230410aForestry and mountain village comunities in Japan b: Study of Human Relations / cToshitaka Ushiomi. aTokyo : bKokusai Bunka Shinkokai (The Society for International Cultural Relations), c1964. a4 h., 107 p. : bil. ; c24 cm.1 aJapanese Life And Culture ; v4 4aJapón-xSituación social.988880 aJapanese Life And Culture ; v49187487 aES-MaACLjC-26352 bR.55539 c147774d147774 00104070aATENEOMbATENEOMcDEPO2d2008-01-17eSCl0oC-26352p1154218r2023-02-23 00:00:00w2023-02-23yMONOGRAFIA